General schedule of supplies, 1920.

Bibliographic Details
Format: Government Document eBook
Language:English
Published: Washington, D.C. : [publisher not identified], 1920.
Series:Gen. Supply Committee Circ. No. 118
Subjects:
Online Access:Connect to the full text of this electronic document

MARC

Tag First Indicator Second Indicator Subfields
LEADER 00000cam a22000001a 4500
001 in00003676439
005 20190408173905.0
006 m o d f
007 cr bn mmmapmmp
008 030810s1920 dcu o f000 0 eng d
035 |a ebd191004331 
040 |a UMI  |c UMI  |d UtOrBLW 
086 0 |a T 45.4:118 
099 |a T45.4-118 
245 0 0 |a General schedule of supplies, 1920. 
264 1 |a Washington, D.C. :  |b [publisher not identified],  |c 1920. 
300 |a 1 online resource (1 pages) 
336 |a text  |b txt  |2 rdacontent 
337 |a computer  |b c  |2 rdamedia 
338 |a online resource  |b cr  |2 rdacarrier 
490 0 |a Gen. Supply Committee Circ. No. 118 
500 |a Record is based on bibliographic data in ProQuest U.S. Executive Branch Documents, 1910-1932. Reuse except for individual research requires license from ProQuest, LLC. 
533 |a Electronic reproduction.  |b [Bethesda, Md.] :  |c ProQuest,  |d 2012.  |e digital, PDF file.  |n ProQuest U.S. Executive Branch Documents, 1910-1932.  |n Mode of access: World Wide Web via ProQuest website. 
538 |a System requirements: PDF reader software. 
500 |a Electronic resource. 
610 1 0 |a United States.  |b Department of the Treasury  |x Equipment and supplies. 
655 7 |a Electronic books.  |2 local 
776 1 8 |i Microfiche version:  |t General schedule of supplies, 1920  |d [Bethesda, Md.] : ProQuest,[2012]  |o CIS US Exec MF T45.4-118  |w (ProQuest)cis19112726 
856 4 0 |u http://proxy.library.tamu.edu/login?url=http://congressional.proquest.com/congressional/docview/t66.d71.t45.4-118  |z Connect to the full text of this electronic document  |t 0 
999 f f |s e99af53a-ef35-33af-83c7-8c56ee7698fb  |i 19c15658-1a3c-3e93-b080-89d0603ce635  |t 0 
952 f f |a Texas A&M University  |b College Station  |c Electronic Resources  |d Available Online  |t 0  |h No information provided 
998 f f |t 0  |l Available Online